| 000 | 00396nam a2200133Ia 4500 | ||
|---|---|---|---|
| 008 | 211119s9999||||xx |||||||||||||| ||und|| | ||
| 082 |
_a821 _bNAI-M |
||
| 100 | _aNair, Anita | ||
| 245 | 0 | _aMalabar Mind:Poems | |
| 260 |
_bHarpercollins _aNoida _c2010 |
||
| 300 | _aviii+ | ||
| 650 |
_aLiterature & rhetoric _vEnglish & Old English literaturesEnglish poetryEnglish _xGeneral Stack |
||
| 942 | _cBOOK | ||
| 999 |
_c119566 _d119566 |
||